[Event "European Blitz 2017"]
[Site "Katowice POL"]
[Date "2017.12.15"]
[Round "16.97"]
[White "Frink, Ferenc"]
[Black "Konopka, Michal"]
[Result "0-1"]
[WhiteTitle "FM"]
[BlackTitle "IM"]
[WhiteElo "2106"]
[BlackElo "2381"]
[WhiteFideId "704946"]
[BlackFideId "308633"]
[EventDate "2017.12.15"]
[EventType "blitz"]

1. e4 Nf6 2. e5 Nd5 3. d4 d6 4. f4 dxe5 5. fxe5 c5 6. c3 Nc6 7. Nf3 Bg4 8. Be2
e6 9. O-O Qb6 10. a4 cxd4 11. a5 Nxa5 12. cxd4 Nc6 13. Nc3 Bxf3 14. Bxf3 Nxd4
15. Nxd5 Nxf3+ 16. Kh1 exd5 17. Qxf3 Qe6 18. Qb3 Bc5 19. Rd1 O-O 20. Bg5 d4 21.
Qg3 Qg6 22. Qh4 Rfe8 23. b4 Bb6 24. Bf4 Rad8 25. Ra3 d3 26. Bg5 Rd5 27. Bf4 h6
28. Qh3 Qe4 29. Qg3 g5 30. Bd2 Qxe5 31. Qg4 Qe2 32. h3 Qxg4 33. hxg4 Re2 34. Bc3
d2 35. Ra2 Be3 36. Kh2 Bf4+ 37. Kg1 Rd3 38. Kf1 Re4 39. Bxd2 Bxd2 40. Rdxd2 Rxd2
41. Rxd2 Rxb4 42. Rd7 a5 43. Ke2 a4 44. Rd5 b5 45. Rd8+ Kg7 46. Ra8 Rxg4 47. Kf3
Rf4+ 48. Ke3 Rb4 49. g4 Rxg4 50. Ra5 Rb4 51. Kd3 Rb3+ 52. Kd4 h5 53. Ke5 h4 54.
Kf5 h3 55. Kxg5 h2 56. Ra8 h1=Q 57. Kf4 0-1

[Event "European Blitz 2017"]
[Site "Katowice POL"]
[Date "2017.12.15"]
[Round "16.99"]
[White "Narva, Mai"]
[Black "Dzierzak, Radoslaw"]
[Result "1-0"]
[WhiteTitle "WIM"]
[WhiteElo "2211"]
[BlackElo "2237"]
[WhiteFideId "4500512"]
[BlackFideId "1161407"]
[EventDate "2017.12.15"]
[EventType "blitz"]

1. e4 c6 2. Nf3 d5 3. Nc3 Bg4 4. h3 Bxf3 5. Qxf3 e6 6. d4 dxe4 7. Qxe4 Nf6 8.
Qd3 Bd6 9. Bg5 Nbd7 10. Be2 Qc7 11. Bf3 h6 12. Bd2 O-O 13. O-O e5 14. Rad1 exd4
15. Qxd4 Ne5 16. Be2 Rfd8 17. Qa4 Ng6 18. Bd3 Ne5 19. Ne4 Be7 20. Nxf6+ Bxf6 21.
Bf4 Qb6 22. Bxe5 Bxe5 23. Qe4 Qxb2 24. Rb1 Qd4 25. Qh7+ Kf8 26. Rxb7 g6 27.
Qxf7# 1-0

[Event "European Blitz 2017"]
[Site "Katowice POL"]
[Date "2017.12.15"]
[Round "16.100"]
[White "Kowalczyk, Mariusz"]
[Black "Zaleski, Lukasz"]
[Result "0-1"]
[WhiteElo "2038"]
[BlackElo "2229"]
[WhiteFideId "1126202"]
[BlackFideId "1172611"]
[EventDate "2017.12.15"]
[EventType "blitz"]

1. e4 e6 2. d3 d5 3. Nd2 Nf6 4. Ngf3 Nc6 5. g3 dxe4 6. dxe4 e5 7. Bg2 Bc5 8. O-O
O-O 9. c3 a5 10. Qc2 b6 11. Nc4 Ba6 12. Rd1 Qe7 13. Ne3 Bxe3 14. Bxe3 Rad8 15.
Bg5 h6 16. Be3 Ng4 17. Bc1 Rxd1+ 18. Qxd1 Rd8 19. Qe1 Qc5 20. Bd2 Qb5 21. h3 Nf6
22. b3 Qd3 23. Be3 Qc2 24. Qc1 Qd3 25. Nd2 Qd7 26. Qe1 a4 27. Rb1 Bd3 28. Rc1
axb3 29. axb3 Ra8 0-1

[Event "European Blitz 2017"]
[Site "Katowice POL"]
[Date "2017.12.15"]
[Round "17.2"]
[White "Navara, David"]
[Black "Andriasian, Zaven"]
[Result "1/2-1/2"]
[WhiteTitle "GM"]
[BlackTitle "GM"]
[WhiteElo "2740"]
[BlackElo "2585"]
[WhiteFideId "309095"]
[BlackFideId "13302000"]
[EventDate "2017.12.15"]
[EventType "blitz"]

1. e4 e5 2. Nf3 Nc6 3. Bb5 d6 4. d4 Bd7 5. Nc3 exd4 6. Nxd4 Nf6 7. O-O Be7 8.
Bf4 O-O 9. Re1 Nxd4 10. Qxd4 Bxb5 11. Nxb5 Nd7 12. Qc4 a6 13. Nc3 Bf6 14. Nd5
Rc8 15. Qb4 b6 16. Rad1 Re8 17. b3 Be5 18. Be3 a5 19. Qd2 Nf6 20. Bg5 h6 21. Bh4
g5 22. Bxg5 hxg5 23. Qxg5+ Kh8 24. f4 Nxd5 25. Qh6+ Kg8 26. fxe5 Re6 27. Qc1 Ne7
28. exd6 cxd6 29. e5 Ng6 30. Rxd6 Rxd6 31. exd6 Qxd6 32. c4 b5 33. Qc3 bxc4 34.
bxc4 a4 35. Kh1 Qc6 36. h3 Re8 37. Rxe8+ Qxe8 38. Qd4 Qe2 39. Qd8+ Kg7 40. Qd4+
Kh7 41. Qd5 Qe1+ 42. Kh2 Qe5+ 43. Qxe5 Nxe5 44. c5 a3 45. g4 Kg6 46. Kg3 Nc6 47.
h4 Kf6 48. Kf4 Ke6 49. h5 f6 50. h6 Kf7 51. g5 fxg5+ 52. Kxg5 Nb4 53. Kf4 Kg6
54. Ke4 Kxh6 55. c6 Nxc6 56. Kd5 Nb4+ 57. Kc4 Nxa2 58. Kb3 Nc1+ 59. Kxa3 1/2-1/2

[Event "European Blitz 2017"]
[Site "Katowice POL"]
[Date "2017.12.15"]
[Round "17.3"]
[White "Demidov, Mikhail"]
[Black "Fressinet, Laurent"]
[Result "0-1"]
[WhiteTitle "IM"]
[BlackTitle "GM"]
[WhiteElo "2523"]
[BlackElo "2662"]
[WhiteFideId "4197143"]
[BlackFideId "608742"]
[EventDate "2017.12.15"]
[EventType "blitz"]

1. d4 d5 2. Nf3 Nf6 3. Bf4 e6 4. e3 Bd6 5. Bxd6 Qxd6 6. Nbd2 O-O 7. Be2 c5 8.
dxc5 Qxc5 9. O-O Nc6 10. c4 dxc4 11. Nxc4 Rd8 12. Qc1 Bd7 13. Nce5 Qxc1 14.
Raxc1 Nxe5 15. Nxe5 Rac8 16. Nxd7 Nxd7 17. Rfd1 Rxc1 18. Rxc1 b6 19. Rc7 a5 20.
Rb7 Kf8 21. Kf1 Nc5 22. Rxb6 Rd2 23. Ke1 Rd5 24. Rb5 a4 25. Rb4 Ke7 26. Bb5 Rd8
27. Bc4 Kd6 28. Ke2 Ra8 29. a3 Ra7 30. Bd3 Kc6 31. Bxh7 g6 32. h4 Kd6 33. h5
gxh5 34. Bc2 f5 35. g3 Kd5 36. Kd2 Kd6 37. Rh4 Rh7 38. Kc1 Rc7 39. Kb1 Rh7 40.
Bxa4 Ne4 41. Bd1 Nxf2 42. Bxh5 Ne4 43. Be2 Rb7 44. Bd3 Nxg3 45. e4 Ke5 46. exf5
exf5 47. Rh2 f4 48. Rf2 Rf7 49. Rf3 Ne4 50. a4 Nd2+ 51. Kc2 Nxf3 52. b4 Ne1+ 0-1

[Event "European Blitz 2017"]
[Site "Katowice POL"]
[Date "2017.12.15"]
[Round "17.4"]
[White "Michalik, Peter"]
[Black "Hracek, Zbynek"]
[Result "1-0"]
[WhiteTitle "GM"]
[BlackTitle "GM"]
[WhiteElo "2557"]
[BlackElo "2592"]
[WhiteFideId "14907526"]
[BlackFideId "300071"]
[EventDate "2017.12.15"]
[EventType "blitz"]

1. d4 e6 2. c4 b6 3. Nf3 Bb7 4. Nbd2 Nf6 5. Qc2 c5 6. dxc5 Bxc5 7. e3 O-O 8. a3
Nc6 9. b4 Be7 10. Bb2 Rc8 11. Rc1 d5 12. Qb1 a5 13. b5 Nb8 14. Bd3 Nbd7 15. O-O
h6 16. cxd5 Bxd5 17. Nc4 Nc5 18. Be2 Qc7 19. Nd4 Be4 20. Qa2 Qb7 21. f3 Bd3 22.
Ba1 Nd5 23. e4 Nf4 24. Bxd3 Ncxd3 25. Rcd1 Bc5 26. g3 Rfd8 27. gxf4 Bxd4+ 28.
Bxd4 Rxd4 29. Ne5 Rcd8 30. Nc6 Qc7 31. Qd2 R4d7 32. Nxd8 Qxd8 33. Qe3 Nc5 34.
Rxd7 Qxd7 35. Rb1 Qe7 36. Rd1 Qf6 37. Qd2 Kh7 38. Kh1 g5 39. Qd6 gxf4 40. Rg1
Qc3 41. Qxf4 f5 42. Qc7+ Kh8 43. Qd8+ 1-0

[Event "European Blitz 2017"]
[Site "Katowice POL"]
[Date "2017.12.15"]
[Round "17.5"]
[White "Bosiocic, Marin"]
[Black "Bartel, Mateusz"]
[Result "1-0"]
[WhiteTitle "GM"]
[BlackTitle "GM"]
[WhiteElo "2624"]
[BlackElo "2609"]
[WhiteFideId "14507927"]
[BlackFideId "1112635"]
[EventDate "2017.12.15"]
[EventType "blitz"]

1. d4 e6 2. c3 Nf6 3. Bg5 h6 4. Bxf6 Qxf6 5. e4 d5 6. Nd2 Qd8 7. Ngf3 Be7 8. Bd3
b6 9. Qe2 Bb7 10. O-O Nd7 11. Rfe1 O-O 12. Rad1 Re8 13. Bb1 c5 14. dxc5 Bxc5 15.
Qd3 Nf6 16. e5 Ne4 17. Nd4 Qh4 18. Qe3 Nxd2 19. Rxd2 Ba6 20. g3 Qg5 21. f4 Qe7
22. Kh1 g6 23. Rg1 h5 24. g4 hxg4 25. Rxg4 Qc7 26. Qg3 Kf8 27. Qh4 Qd8 28. Qh6+
Ke7 29. Nc6+ Kd7 30. Nxd8 Raxd8 31. Qg7 Re7 32. Qh6 Ree8 33. Bd3 b5 34. a4 Kc7
35. Bxb5 Bb7 36. Bxe8 d4+ 37. Rgg2 dxc3 38. Rxd8 1-0

[Event "European Blitz 2017"]
[Site "Katowice POL"]
[Date "2017.12.15"]
[Round "17.7"]
[White "McShane, Luke J"]
[Black "Chigaev, Maksim"]
[Result "1-0"]
[WhiteTitle "GM"]
[BlackTitle "GM"]
[WhiteElo "2640"]
[BlackElo "2555"]
[WhiteFideId "404853"]
[BlackFideId "4108116"]
[EventDate "2017.12.15"]
[EventType "blitz"]

1. e4 c5 2. Nc3 g6 3. g3 Bg7 4. Bg2 Nc6 5. d3 d6 6. Be3 Rb8 7. a4 a6 8. Nge2 Nf6
9. O-O O-O 10. h3 b5 11. axb5 axb5 12. Qd2 b4 13. Nd1 e5 14. Bh6 Nd4 15. Bxg7
Kxg7 16. Kh2 Bb7 17. Ne3 d5 18. exd5 Nxd5 19. Ng4 Nxe2 20. Qxe2 Re8 21. Ra7 Qb6
22. Rfa1 h5 23. Rxb7 Rxb7 24. Bxd5 Rd7 25. Ne3 h4 26. gxh4 Qf6 27. Kg2 Qxh4 28.
Bc6 Red8 29. Bxd7 Rxd7 30. Qg4 Qd8 31. h4 Kh6 32. Ra6 Kh7 33. h5 Rd4 34. hxg6+ 1-0

[Event "European Blitz 2017"]
[Site "Katowice POL"]
[Date "2017.12.15"]
[Round "17.8"]
[White "Brunello, Sabino"]
[Black "Piorun, Kacper"]
[Result "1-0"]
[WhiteTitle "GM"]
[BlackTitle "GM"]
[WhiteElo "2553"]
[BlackElo "2651"]
[WhiteFideId "813613"]
[BlackFideId "1130420"]
[EventDate "2017.12.15"]
[EventType "blitz"]

1. c4 e5 2. g3 c6 3. d4 e4 4. d5 cxd5 5. cxd5 Nf6 6. Bg2 Bb4+ 7. Bd2 Bxd2+ 8.
Qxd2 O-O 9. e3 d6 10. Ne2 Re8 11. Nbc3 Bf5 12. Nd4 Bg6 13. O-O Nbd7 14. Ncb5 Nb6
15. Qb4 Nbxd5 16. Qxd6 a6 17. Qxd8 Rexd8 18. Nc3 Nxc3 19. bxc3 Rac8 20. Rfb1 b5
21. a4 Rxc3 22. axb5 axb5 23. Rxb5 h6 24. h3 Rcc8 25. g4 Ra8 26. Rxa8 Rxa8 27.
Kh2 Re8 28. Kg3 Bh7 29. h4 Bg6 30. Bf1 h5 31. g5 Ng4 32. Ne2 Ne5 33. Nf4 Kh7 34.
Bg2 Ng4 35. Rb4 f5 36. gxf6 gxf6 37. Nxg6 Kxg6 38. Bxe4+ f5 39. Rb6+ Nf6 40. Bf3
Re5 41. Bxh5+ Kg7 42. Bf3 Ra5 43. Rd6 Ne8 44. Rd4 Kf6 45. Rb4 Ng7 46. Rb6+ Kf7
47. h5 Ne6 48. h6 Ng5 49. Bh5+ Kf8 50. f3 Ra4 51. Bg6 Ra1 52. Bxf5 Rg1+ 53. Kf4
Nf7 54. Rb8+ Ke7 55. h7 Rh1 56. e4 Nd6 57. h8=Q 1-0

[Event "European Blitz 2017"]
[Site "Katowice POL"]
[Date "2017.12.15"]
[Round "17.9"]
[White "Mohr, Georg"]
[Black "Plat, Vojtech"]
[Result "1-0"]
[WhiteTitle "GM"]
[BlackTitle "GM"]
[WhiteElo "2473"]
[BlackElo "2567"]
[WhiteFideId "14600013"]
[BlackFideId "325740"]
[EventDate "2017.12.15"]
[EventType "blitz"]

1. e4 c5 2. Nf3 Nc6 3. Bb5 g6 4. Bxc6 dxc6 5. d3 Bg7 6. h3 Nf6 7. Nc3 Nd7 8. Be3
e5 9. Qd2 h6 10. O-O b6 11. a3 a5 12. Nh2 Nf8 13. f4 exf4 14. Bxf4 Ne6 15. Be3
Nd4 16. Kh1 Be6 17. Nf3 Qd7 18. Rab1 Nxf3 19. Rxf3 g5 20. Rf2 Be5 21. b4 axb4
22. axb4 cxb4 23. Ne2 c5 24. d4 cxd4 25. Nxd4 g4 26. hxg4 Bxg4 27. Qxb4 h5 28.
Nf5 Bxf5 29. Rxf5 Bd6 30. Qd4 Rg8 31. Rd1 Rd8 32. Bg5 Be7 33. Rd5 Qxd5 34. exd5
Rxg5 35. Qxb6 Kf8 36. d6 Bf6 37. Rf1 1-0

[Event "European Blitz 2017"]
[Site "Katowice POL"]
[Date "2017.12.15"]
[Round "17.10"]
[White "Pavlidis, Antonios"]
[Black "Heberla, Bartlomiej"]
[Result "0-1"]
[WhiteTitle "GM"]
[BlackTitle "GM"]
[WhiteElo "2539"]
[BlackElo "2555"]
[WhiteFideId "4212312"]
[BlackFideId "1115120"]
[EventDate "2017.12.15"]
[EventType "blitz"]

1. e4 c5 2. Nf3 e6 3. d4 cxd4 4. Nxd4 Nf6 5. Nc3 Nc6 6. Ndb5 Bc5 7. Bf4 O-O 8.
Bc7 Qe7 9. Bd6 Bxd6 10. Qxd6 Qd8 11. Qc7 d5 12. exd5 exd5 13. Qxd8 Rxd8 14.
O-O-O d4 15. Nb1 Ne4 16. Re1 Nxf2 17. Rg1 Ng4 18. Bc4 Nge5 19. Bb3 Bf5 20. Nc7
Rac8 21. Nd5 d3 22. Rxe5 Nxe5 23. Ne7+ Kf8 24. Nxf5 b5 25. c3 a5 26. a3 b4 27.
axb4 axb4 28. Kd2 Rb8 29. c4 Nd7 30. Bd1 Nc5 31. Re1 Re8 32. Rxe8+ Rxe8 33. Bf3
g6 34. Nd6 Re7 35. Kd1 f5 36. Nd2 Ra7 37. Ke1 Ra1+ 38. Kf2 Ra2 39. Ke3 Rxb2 40.
Nb7 f4+ 41. Kxf4 Nxb7 42. Ke3 Nc5 43. Nf1 b3 44. Kd4 d2 45. Kxc5 d1=Q 46. Bxd1
Rb1 47. Ne3 b2 48. Bc2 Re1 49. Kd4 b1=Q 50. Bxb1 Rxb1 51. Ke4 Ke7 52. Nd5+ Kd6
53. Nf6 h5 54. Ke3 Ke6 55. Nd5 Ke5 56. Nc3 Rb2 57. Ne2 Rb3+ 58. Kf2 h4 59. Ng1
Ke4 60. Nf3 Rb2+ 61. Kg1 Ke3 62. h3 Kf4 63. Kh2 g5 64. Nd4 Rb4 65. Ne6+ Kf5 66.
Nd4+ Ke4 67. Ne6 Kf5 68. Nd4+ Kf6 69. Nf3 Rxc4 70. Kg1 Kf5 71. Kf2 Kf4 72. Ng1
Rc2+ 73. Ne2+ Ke4 74. g3 hxg3+ 75. Kf1 g2+ 76. Kf2 Rxe2+ 0-1

[Event "European Blitz 2017"]
[Site "Katowice POL"]
[Date "2017.12.15"]
[Round "17.11"]
[White "Warakomski, Tomasz"]
[Black "Saric, Ante"]
[Result "1-0"]
[WhiteTitle "GM"]
[BlackTitle "GM"]
[WhiteElo "2537"]
[BlackElo "2540"]
[WhiteFideId "1124552"]
[BlackFideId "14506254"]
[EventDate "2017.12.15"]
[EventType "blitz"]

1. e4 e6 2. d4 d5 3. Nc3 Nf6 4. Bg5 dxe4 5. Nxe4 Be7 6. Bxf6 gxf6 7. Nf3 f5 8.
Ned2 c5 9. dxc5 Bxc5 10. Qe2 O-O 11. O-O-O Qf6 12. g4 Nc6 13. Rg1 Kh8 14. gxf5
exf5 15. Nb3 Bb6 16. Ng5 Qh6 17. Kb1 a5 18. Rd3 f4 19. Qd2 f6 20. Rd6 Bc7 21.
Bc4 Bxd6 22. Qxd6 Bf5 23. Nf7+ Rxf7 24. Bxf7 Rd8 25. Qxd8+ 1-0

[Event "European Blitz 2017"]
[Site "Katowice POL"]
[Date "2017.12.15"]
[Round "17.12"]
[White "Tomczak, Jacek"]
[Black "Mastrovasilis, Dimitrios"]
[Result "1-0"]
[WhiteTitle "GM"]
[BlackTitle "GM"]
[WhiteElo "2588"]
[BlackElo "2582"]
[WhiteFideId "1124668"]
[BlackFideId "4202694"]
[EventDate "2017.12.15"]
[EventType "blitz"]

1. e4 c5 2. Nf3 e6 3. d4 cxd4 4. Nxd4 Nc6 5. Nc3 Qc7 6. Be2 a6 7. O-O Nf6 8. Be3
Bb4 9. Na4 O-O 10. c4 Be7 11. c5 Nxe4 12. Rc1 d5 13. cxd6 Bxd6 14. Nxc6 bxc6 15.
Bf3 f5 16. Bxe4 fxe4 17. h3 Bf4 18. Bxf4 Qxf4 19. Nc5 e5 20. Qe2 Bf5 21. Rfd1 a5
22. Qe3 Rad8 23. b3 Rd5 24. Re1 Rd2 25. a4 Bg6 26. Rf1 h6 27. Ne6 Qxe3 28. fxe3
Rxf1+ 29. Kxf1 Rd3 30. Kf2 Rxb3 31. Rxc6 Rb2+ 32. Kf1 Rb1+ 33. Kf2 Rb2+ 34. Kf1
Rb1+ 35. Kf2 Ra1 36. Nc5 Ra2+ 37. Kg3 Re2 38. Rxg6 Rxe3+ 39. Kf2 Ra3 40. Ra6
Ra2+ 41. Kg3 e3 42. Rxa5 Kf7 43. Nd3 e4 44. Nc5 e2 45. Kf2 e1=Q+ 1-0

[Event "European Blitz 2017"]
[Site "Katowice POL"]
[Date "2017.12.15"]
[Round "17.13"]
[White "Krause, Jonah"]
[Black "Ponkratov, Pavel"]
[Result "0-1"]
[WhiteTitle "FM"]
[BlackTitle "GM"]
[WhiteElo "2368"]
[BlackElo "2613"]
[WhiteFideId "12907910"]
[BlackFideId "4157800"]
[EventDate "2017.12.15"]
[EventType "blitz"]

1. d4 Nf6 2. c4 e6 3. g3 c5 4. Nf3 cxd4 5. Nxd4 Nc6 6. Nc3 Qb6 7. Ndb5 Ne5 8. e4
Nfg4 9. Qe2 a6 10. h3 axb5 11. hxg4 bxc4 12. Be3 Bc5 13. Bxc5 Qxc5 14. Qd1 b5
15. a3 Bb7 16. Be2 d5 17. exd5 exd5 18. Rh5 f6 19. f4 g6 20. Rh2 Qg1+ 0-1

[Event "European Blitz 2017"]
[Site "Katowice POL"]
[Date "2017.12.15"]
[Round "17.14"]
[White "Moranda, Wojciech"]
[Black "Stupak, Kirill"]
[Result "0-1"]
[WhiteTitle "GM"]
[BlackTitle "GM"]
[WhiteElo "2593"]
[BlackElo "2588"]
[WhiteFideId "1122401"]
[BlackFideId "13503758"]
[EventDate "2017.12.15"]
[EventType "blitz"]

1. d4 Nf6 2. c4 b6 3. Nc3 Bb7 4. Nf3 e6 5. Bg5 Bb4 6. Nd2 h6 7. Bh4 Qe7 8. e4 e5
9. d5 Bxc3 10. bxc3 Na6 11. f3 d6 12. Be2 Bc8 13. a4 g5 14. Bf2 Nh5 15. g3 Bh3
16. a5 Nc5 17. axb6 cxb6 18. Nf1 Bd7 19. Ne3 Ng7 20. Qc2 Qf6 21. h4 a5 22. g4 h5
23. hxg5 Qxg5 24. Nf5 Nxf5 25. exf5 h4 26. Rb1 Rb8 27. Qd2 f6 28. Be3 Qg7 29.
Kf2 Kf7 30. Rb2 Na4 31. Rb3 Nc5 32. Bxc5 bxc5 33. Rhb1 Rxb3 34. Rxb3 h3 35. Kg1
Qh7 36. Kh2 Qh4 37. Bf1 Ke7 38. Rb7 Ra8 39. Bxh3 a4 40. g5 a3 41. gxf6+ Kxf6 42.
Rxd7 a2 43. Qg2 Qf4+ 0-1

[Event "European Blitz 2017"]
[Site "Katowice POL"]
[Date "2017.12.15"]
[Round "17.15"]
[White "Dvirnyy, Danyyil"]
[Black "Kuzmicz, Krystian"]
[Result "1/2-1/2"]
[WhiteTitle "GM"]
[BlackTitle "IM"]
[WhiteElo "2532"]
[BlackElo "2460"]
[WhiteFideId "817570"]
[BlackFideId "1119125"]
[EventDate "2017.12.15"]
[EventType "blitz"]

1. Nf3 g6 2. g3 Bg7 3. Bg2 e5 4. O-O f5 5. d3 d6 6. c4 Nf6 7. Nc3 O-O 8. Rb1 Nc6
9. b4 h6 10. b5 Ne7 11. a4 Be6 12. Ba3 g5 13. a5 Rb8 14. Nd2 Qd7 15. Nd5 Nexd5
16. cxd5 Bxd5 17. e4 Be6 18. exf5 Bxf5 19. Qc2 Bh3 20. Ne4 Nxe4 21. dxe4 Bxg2
22. Kxg2 g4 23. b6 axb6 24. axb6 c6 25. Rbd1 Rf6 26. Rd2 Bf8 27. Rfd1 Be7 28.
Qb3+ Kg7 29. Qc3 Ra8 30. Bxd6 Bxd6 31. Rxd6 Qe8 32. Rxf6 Kxf6 33. Rd6+ Kg7 34.
Qd2 Qh5 35. Rd7+ Kh8 36. Rd8+ Rxd8 37. Qxd8+ Kg7 38. Qd7+ Qf7 39. Qxg4+ Kh7 40.
Qc8 Kg7 41. h4 Kg6 42. g4 Kg7 43. Qc7 Kf6 44. Qd6+ Qe6 45. Qd8+ Kg7 46. Kg3 Qf7
47. Qc7 Kf6 48. Qd6+ Qe6 49. Qd8+ Kg7 50. Qc7+ Kg6 51. Qxb7 Qb3+ 52. Kg2 Qc2 53.
Qd7 Qxe4+ 54. Kg1 Qe1+ 55. Kg2 Qe4+ 56. Kf1 Qb1+ 57. Ke2 Qc2+ 58. Qd2 Qe4+ 59.
Qe3 Qxg4+ 60. f3 Qc8 61. Qxe5 Qa6+ 62. Ke1 Qxb6 63. Qe6+ Kg7 64. Qe7+ Kg6 65.
Qe6+ Kg7 66. h5 Qa5+ 67. Kf2 Qxh5 68. Qd7+ Qf7 69. Qxc6 Qf6 1/2-1/2

[Event "European Blitz 2017"]
[Site "Katowice POL"]
[Date "2017.12.15"]
[Round "17.16"]
[White "Castellanos Rodriguez, Renier"]
[Black "Buhmann, Rainer"]
[Result "1/2-1/2"]
[WhiteTitle "IM"]
[BlackTitle "GM"]
[WhiteElo "2501"]
[BlackElo "2584"]
[WhiteFideId "3404650"]
[BlackFideId "4651340"]
[EventDate "2017.12.15"]
[EventType "blitz"]

1. d4 d5 2. c4 e6 3. Nf3 Nf6 4. Nc3 c5 5. e3 Nc6 6. cxd5 Nxd5 7. Bc4 Nxc3 8.
bxc3 Be7 9. O-O O-O 10. Qe2 b6 11. Bb2 Bb7 12. Rfd1 Qc7 13. Rac1 Rac8 14. Nd2
Rfd8 15. h3 Qb8 16. Bb3 Na5 17. Bc2 Qa8 18. e4 Bg5 19. Bd3 cxd4 20. cxd4 Rxc1
21. Rxc1 Bxd2 22. Qxd2 Bxe4 23. Bf1 Bd5 24. Ba3 Rc8 25. Rxc8+ Qxc8 26. Bb4 Nc6
27. Qc3 Qb7 28. a3 h6 29. Bd6 b5 30. Qc5 a6 31. Bf4 Qa7 32. Be3 Qxc5 33. dxc5
Bc4 34. Bxc4 bxc4 35. Kf1 f6 36. Ke2 e5 37. Kd2 Kf7 38. Kc3 Ke6 39. Kxc4 f5 40.
g3 g5 41. f4 exf4 42. gxf4 g4 43. hxg4 fxg4 44. Bf2 h5 45. Bh4 Kf5 46. Kd5 Na7
47. Bg3 Nb5 48. c6 Nc7+ 49. Kd6 Nb5+ 50. Kd7 Ke4 51. a4 Na7 52. c7 Kf3 53. Bh4
g3 54. Bxg3 Kxg3 55. f5 h4 56. f6 h3 57. f7 h2 58. f8=Q h1=Q 59. Qd6+ Kg4 60.
Qd4+ Kf5 61. Qxa7 Qd5+ 62. Kc8 Ke6 63. Qb6+ Ke7 64. Kb8 Qe5 65. a5 Kd7 66. Kb7
Qd5+ 67. Ka7 Qc4 68. Qb7 Qxc7 69. Kxa6 Kd8 70. Qb6 Kc8 71. Kb5 Qxb6+ 72. Kxb6
Kb8 73. a6 1/2-1/2

[Event "European Blitz 2017"]
[Site "Katowice POL"]
[Date "2017.12.15"]
[Round "17.18"]
[White "Fedorchuk, Sergey A."]
[Black "Ragger, Markus"]
[Result "1-0"]
[WhiteTitle "GM"]
[BlackTitle "GM"]
[WhiteElo "2648"]
[BlackElo "2657"]
[WhiteFideId "14102536"]
[BlackFideId "1610856"]
[EventDate "2017.12.15"]
[EventType "blitz"]

1. e4 e5 2. Nf3 Nc6 3. Bb5 a6 4. Ba4 Nf6 5. O-O Be7 6. d3 b5 7. Bb3 d6 8. a3 O-O
9. h3 Na5 10. Ba2 Be6 11. Bxe6 fxe6 12. b4 Nc6 13. c3 Qd7 14. Be3 h6 15. Nbd2
Rf7 16. a4 Raf8 17. axb5 axb5 18. Ra6 Nb8 19. Ra8 Nc6 20. Rxf8+ Rxf8 21. Qb3 d5
22. Bc5 Kh7 23. Bxe7 Qxe7 24. Ra1 Qd7 25. Ra6 Nh5 26. g3 Nf6 27. Qc2 Qe8 28. Kg2
Kg8 29. Qa2 Kh7 30. Qb1 Kg8 31. Qe1 Nb8 32. Ra8 Qc6 33. Ra3 Nbd7 34. Qe3 Re8 35.
d4 exd4 36. Nxd4 Qb6 37. e5 Nh7 38. N2f3 c5 39. Nb3 cxb4 40. Qxb6 Nxb6 41. cxb4
Nc4 42. Ra6 Nf8 43. Nbd4 Kf7 44. Ra7+ Kg8 45. Rb7 Ra8 46. Rxb5 Ra2 47. Rb8 Ne3+
48. Kg1 Ra1+ 49. Kh2 Nf1+ 50. Kg2 Kf7 51. Rb7+ Kg8 52. Rc7 Rd1 53. Rc2 Kf7 54.
b5 Nd7 55. Rc7 Ke7 56. Nc6+ Ke8 57. Rc8+ Kf7 58. Rc7 Ke8 59. Ncd4 Ke7 60. Rc6
Nd2 61. Rxe6+ Kd8 62. Rd6 Nxf3 63. Nxf3 Ke7 64. Rg6 d4 65. Rxg7+ Ke6 66. Rg6+
Ke7 67. b6 d3 68. b7 Rb1 69. Rd6 Nxe5 70. Rd5 Nf7 71. Rxd3 Rxb7 72. Rd5 Rb2 73.
Ra5 Kf6 74. h4 Nd6 75. Ra4 Ke6 76. Rf4 Kd5 77. Nd4 Ke5 78. Nc6+ Kd5 79. Ne7+ Ke5
80. Ng8 h5 81. Nf6 Nf5 82. Nxh5 Ne3+ 83. Kh3 Nd1 84. Kg2 Ne3+ 85. Kg1 Rb1+ 86.
Kh2 Rb2 87. Nf6 Nf1+ 88. Kg1 Nd2 89. Ng4+ Ke6 90. Ne3 Ke5 91. Kg2 Ra2 92. h5 Ne4
93. Ng4+ Kd5 94. Nf6+ Nxf6 95. Rxf6 Ke5 96. Rf8 Ke6 97. g4 Ra5 98. Kg3 Ra1 99.
f4 Kd5 1-0

[Event "European Blitz 2017"]
[Site "Katowice POL"]
[Date "2017.12.15"]
[Round "17.19"]
[White "Zorko, Jure"]
[Black "Fridman, Daniel"]
[Result "0-1"]
[WhiteTitle "IM"]
[BlackTitle "GM"]
[WhiteElo "2457"]
[BlackElo "2633"]
[WhiteFideId "14604051"]
[BlackFideId "11600454"]
[EventDate "2017.12.15"]
[EventType "blitz"]

1. d4 Nf6 2. Nf3 e6 3. e3 b6 4. Bd3 Bb7 5. O-O c5 6. c4 Be7 7. Nc3 cxd4 8. exd4
d5 9. cxd5 Nxd5 10. Ne5 O-O 11. Qh5 g6 12. Qh3 Bg5 13. Qg3 Bxc1 14. Raxc1 Ne7
15. Rfd1 Nbc6 16. Be4 Rc8 17. h4 Nf5 18. Bxf5 exf5 19. Nxc6 Rxc6 20. d5 Rd6 21.
Rd4 Qf6 22. Rcd1 a6 23. Qf4 Re8 24. h5 Re5 25. hxg6 hxg6 26. a4 Kg7 27. R4d2 Qe7
28. Qd4 Kg8 29. Qf4 g5 30. Qc4 Re1+ 31. Kh2 Rh6+ 32. Kg3 Qe5+ 33. f4 Qe3# 0-1

[Event "European Blitz 2017"]
[Site "Katowice POL"]
[Date "2017.12.15"]
[Round "17.20"]
[White "Klekowski, Maciej"]
[Black "Brodowski, Piotr"]
[Result "0-1"]
[WhiteTitle "IM"]
[BlackTitle "IM"]
[WhiteElo "2498"]
[BlackElo "2430"]
[WhiteFideId "1132717"]
[BlackFideId "1124480"]
[EventDate "2017.12.15"]
[EventType "blitz"]

1. c4 g6 2. Nc3 Bg7 3. d4 c5 4. e3 Nf6 5. g3 O-O 6. Bg2 d6 7. Nge2 h5 8. h3 Nc6
9. O-O cxd4 10. exd4 Bf5 11. a3 Qc8 12. Kh2 Rd8 13. b3 e5 14. Bg5 Nxd4 15. Nxd4
exd4 16. Nb5 d3 17. Rc1 Qc5 18. Be3 Qe5 19. Bf4 Qb2 20. Bxb7 Rab8 21. Bg2 Rb6
22. Rb1 Qc2 23. Nd4 Qxd1 24. Rfxd1 Be4 25. f3 d5 26. Bc7 Re8 27. Bxb6 axb6 28.
cxd5 Bxd5 29. Rxd3 Bb7 30. Rbd1 Ba6 31. R3d2 Nd5 32. f4 Ne3 33. Rc1 Rd8 34. Nf3
Re8 35. Re1 Bc3 36. Rde2 Bxe2 37. Rxe2 Ng4+ 38. hxg4 Rxe2 39. gxh5 gxh5 40. Ng5
Rb2 41. Kh3 Bf6 42. Ne4 Be7 43. b4 Rb3 44. Nd2 Rxa3 45. Nc4 Rb3 46. Nxb6 h4 47.
Nd5 Rxg3+ 48. Kh2 Bd6 49. b5 Rb3 50. b6 Kg7 51. b7 Rxb7 52. Ne3 Bxf4+ 53. Kh3
Rb3 0-1